Billion-Dollar Pixar Movies (Adjusted for Inflation) - Statistics

General Stats
  • This quiz has been taken 21 times
  • The average score is 8 of 12
Answer Stats
# Year Movie Gross % Correct
3 2010 Toy Story 3 $1.5
100%
12 2019 Toy Story 4 $1.3
100%
2 2003 Finding Nemo $1.6
67%
7 2015 Inside Out $1.1
67%
1 2024 Inside Out 2 $1.7
67%
9 2004 The Incredibles $1.0
67%
5 2016 Finding Dory $1.3
58%
8 2001 Monsters, Inc. $1.0
58%
6 2009 Up $1.1
58%
11 2017 Coco $1.0
50%
4 2018 Incredibles 2 $1.5
50%
10 2013 Monsters University $1.0
50%
No matching quizzes found
Score Distribution
Percent of People with Each Score
Percentile by Number Answered
Your Score History
You have not taken this quiz